Knowledge in Context few faces of the knowledge society

Guardado en:
Detalles Bibliográficos
Autor principal: Kelemen, Jozef
Formato: Libro
Lenguaje:inglés
Publicado: Bratislava Iura Edition a Wolters Kluwer business 2010
Materias:
Etiquetas: Agregar Etiqueta
Sin Etiquetas, Sea el primero en etiquetar este registro!

MARC

LEADER 00000nam a2200000 4500
001 0127123
005 20240314085814.7
020 |a 978-80-8078-339-6 
041 0 |a eng 
044 |a SK 
245 1 0 |a Knowledge in Context  |b few faces of the knowledge society  |c Jozef Kelemen et al. 
264 1 |a Bratislava  |b Iura Edition a Wolters Kluwer business  |c 2010 
300 |a 319 s. 
610 2 0 |a vedomosti 
610 2 0 |a riadenie 
610 2 0 |a spoločnosť vedomostná 
610 2 0 |a ekonomika znalostná 
610 2 0 |a manažment znalostný 
610 2 0 |a technológie informačné 
100 1 |a Kelemen, Jozef